| 000 | 00000nam##2200000za#4500 |
| 001 | 9.566535 |
| 003 | CaOODSP |
| 005 | 20210624180332 |
| 007 | cr ||||||||||| |
| 008 | 150406|1999||||xxc|||||o f|0| 0 eng|d |
| 040 | |aCaOODSP|beng |
| 043 | |an-cn--- |
| 086 | 1 |aTU3-5/99-29E-PDF |
| 110 | 2 |aTransportation Safety Board of Canada. |
| 245 | 10|aCollision with terrain - A.A.L. Air Alps (Glacier Air) Eurocopter AS350BA (helicopter) C-GDWF, Squamish, British Columbia, 3 nm W, 15 August 1999 |h[electronic resource] |
| 260 | |aGatineau - Quebec : |bTransportation Safety Board of Canada |c[2000]. |
| 300 | |a10p.|bmap, photographs |
| 490 | 1 |aAviation investigation report |vA99P0105 |
| 590 | |a10-10-Supp|b2010-11-09 |
| 775 | 08|tCollision avec le relief - A.A.L. Air Alps (Glacier Air) Eurocopter AS350BA (hélicoptère) C-GDWF 3 nm à l'ouest de Squamish (Colombie-Britannique) le 15 août 1999 |w(CaOODSP)9.598007 |
| 830 | #0|aAviation investigation report ;|vA99P0105|w(CaOODSP)9.504825 |
| 856 | 40|ahttp://publications.gc.ca|qPDF|s194 KB|uhttps://publications.gc.ca/collections/collection_2009/bst-tsb/TU3-5-99-29E.pdf|yA99P0105 |